Ortschaftsverzeichnis für den Bezirk der Reichspostdirektion Danzig

Titel: Ortschaftsverzeichnis für den Bezirk der Reichspostdirektion Danzig / zsgest. von der Reichspostdirektion Danzig
Körperschaft:
Veröffentlicht: [Danzig]
Format: Mehrteiliges Werk
Sprache: Deutsch
Bände: alle Bände anzeigen
Kein Bild verfügbar
X
alg: 12415855
001A    $03004:18-10-04 
001B    $01999:20-11-16 $t23:42:15.000 
001D    $03004:18-10-04 
001U    $0utf8 
001X    $00 
002@    $0Acu 
003@    $0124158552 
003O    $0177291027 $aOCoLC 
007A    $0124158552 $aHEB 
007T    $0Herdhh124158552 
010@    $ager 
021A    $aOrtschaftsverzeichnis für den Bezirk der Reichspostdirektion Danzig $hzsgest. von der Reichspostdirektion Danzig 
029F    $75053160-8 $8Reichspostdirektion$gDanzig [Tb1] $9044678444 
033A    $p[Danzig] 

lok: 12415855 24

exp: 12415855 24 1 #EPN
201B/01 $028-11-08 $t13:27:10.000 
201U/01 $0utf8 
203@/01 $0220705186 
208@/01 $a18-10-04 $bda 
209B/01 $aEinzelbestellung (050) $x09 
220C/01 $ahae 

lok: 12415855 78

exp: 12415855 78 1 #EPN
201B/01 $019-04-17 $t14:10:20.000 
201U/01 $0utf8 
203@/01 $0790884240 
208@/01 $a12-11-16 $be 
244Z/01 $2Trx $#Prusy Wschodnie i Zachodnie $8--Trx--Ost- und Westpreußen $x01 $939113373X 
244Z/01 $2Trx $#Poola $#Lenkija $#Polija $#Polen Land $#Poland $#Lengyelország $#Poľsko $#Polsko $8--Trx--Polska$gkraj $x02 $9391345966 
247C/01 $82080>Marburg/Lahn, Herder-Institut, Forschungsbibliothek, Bibliographieportal $9336309341
LEADER 00000cam a2200000 ca4500
001 124158552
003 DE-603
005 20161120234215.0
007 tu
008 041018s xx |||| | u00||u|ger c
035 |a (DE-599)HEB124158552 
035 |a (OCoLC)177291027 
040 |a DE-603  |b ger  |c DE-603  |d DE-603 
041 |a ger 
245 0 0 |a Ortschaftsverzeichnis für den Bezirk der Reichspostdirektion Danzig  |c zsgest. von der Reichspostdirektion Danzig 
264 1 |a [Danzig] 
710 2 |a Reichspostdirektion  |g Danzig  |0 (DE-603)044678444  |0 (DE-588)5053160-8  |2 gnd 
924 0 |9 603  |a (DE-603)220705186  |b DE-603  |c HES  |d d 
924 0 |9 2080  |a (DE-603)790884240  |b DE-2080  |c HES  |d d